000 00485nam a2200169 a 4500
001 000028368
005 20250129073605.0
008 110408s1983 dr a 000 | spa d
040 _aDO-SdBNP
_bspa
_cBNPHU
082 _axxx
_bD812B, 1983
100 1 _aBalcácer, Juan Daniel,
_d1949-
_96566
245 1 0 _aDuarte para estudiantes /
_cJuan Daniel Balcácer.
250 _a2a ed.
260 _aSanto Domingo :
_bAlfa & Omega,
_c1983.
300 _a46 p. :
_bil. ;
_c20 cm.
049 _aBNPD
999 _c27860
_d27860